[Event "Toronto Howard Ridout op"]
[Site "Toronto"]
[Date "2009.10.01"]
[Round "4"]
[White "Bellomo, Joe"]
[Black "Gaffney, Kevin"]
[Result "0-1"]
[WhiteElo "1736"]
[BlackElo "1568"]
[PlyCount "68"]
[EventDate "2009.09.10"]
[EventType "swiss"]
[EventRounds "8"]
[EventCountry "CAN"]
[SourceTitle "EXT 2011"]
[Source "ChessBase"]
[SourceDate "2010.11.26"]
[SourceVersion "1"]
[SourceVersionDate "2010.11.26"]
[SourceQuality "1"]

1. e4 e5 2. Nf3 Nc6 3. Bb5 Nf6 4. d3 Bc5 5. 0-0 d6 6. c3 a6 7. Ba4 0-0 8. Nbd2 Bg4 9. Bc2 Re8 10. h3 Bh5 11. Re1 d5 12. Nf1 dxe4 13. dxe4 Qxd1 14. Bxd1 Rad8 15. Bg5 Rd6 16. g4 Bg6 17. Bxf6 Rxf6 18. N1h2 Nd8 19. Bb3 Kf8 20. Rad1 Ne6 21. Bxe6 Rexe6 22. Rd5 Bb6 23. Re2 Rf4 24. Ng5 Ref6 25. Rxe5 Rxf2 26. Rxf2 Rxf2 27. Kh1 Rxb2 28. Nhf3 h6 29. Ne6+ fxe6 30. Rxe6 Bf7 31. Re5 Rxa2 32. Rf5 Kg8 33. Ne5 Rf2 34. Nf3 Bg6 0-1